| 000 | 00692cam a2200253 4500 | ||
|---|---|---|---|
| 001 | J84913 | ||
| 008 | 090401t1997 xxu||||| |||| 00| 0 eng d | ||
| 035 | _a(Sirsi) u79327 | ||
| 041 | _aeng | ||
| 050 | _a333.33709421 | ||
| 110 |
_aHillier Parker _92054 |
||
| 245 | _aCentral London office market. - 1st quarter 1997 | ||
| 260 |
_aLondon _bHillier Parker _c1997 |
||
| 300 | _a1 pt. ; 30cm. | ||
| 350 | _a0 | ||
| 650 | _aLONDON | ||
| 650 | _aOFFICE DEVELOPMENT | ||
| 650 | _aOFFICE FLOORSPACE | ||
| 650 | _aPROPERTY-COMMERCIAL PROPERTY-OFFICE PROPERTY-OFFICE PROPERTY MARKET | ||
| 650 | _aOFFICES | ||
| 690 | _aPROPERTY-COMMERCIAL PROPERTY | ||
| 942 | _n0 | ||
| 948 | _c01/07/1997 | ||
| 999 |
_c96528 _d96528 |
||